Những vấn đề cải cách hành chính doanh nghiệp

Zapisane w:
Opis bibliograficzny
1. autor: Đinh Văn Tiến
Format: Książka
Język:Undetermined
Wydane: Hà Nội Thống Kê 1997
Hasła przedmiotowe:
Etykiety: Dodaj etykietę
Nie ma etykietki, Dołącz pierwszą etykiete!
Thư viện lưu trữ: Trung tâm Học liệu Trường Đại học Cần Thơ
LEADER 00618nam a2200193Ia 4500
001 CTU_21989
008 210402s9999 xx 000 0 und d
020 |b 30.000đ 
082 |a 658 
082 |b T305 
100 |a Đinh Văn Tiến 
245 0 |a Những vấn đề cải cách hành chính doanh nghiệp 
245 0 |c Đinh Văn Tiến, Lương Minh Việt 
260 |a Hà Nội 
260 |b Thống Kê 
260 |c 1997 
650 |a business,managerial economics,vietnam - economic policy 
904 |i Minh, 980226 
980 |a Trung tâm Học liệu Trường Đại học Cần Thơ